| 000 | 00995cam a22002775i 4500 | ||
|---|---|---|---|
| 999 |
_c17837 _d17809 |
||
| 003 | EG-ScBUE | ||
| 005 | 20210127110342.0 | ||
| 008 | 131211s2010 ua g 000 j ara d | ||
| 017 | _a2008 / 3795 | ||
| 020 | _a9774273788 | ||
| 040 |
_aEG-ScBUE _bara _erda _cEG-ScBUE _dEG-ScBUE |
||
| 082 | 0 | 4 |
_a892.736 _bم ط ا _222 |
| 100 | 1 |
_aمطاوع، عبد الوهاب، _d1940-2004، _eمؤلف. |
|
| 245 | 1 | 0 |
_aمكتوب على الجبين / _cعبد الوهاب مطاوع. |
| 250 | _aالطبعة الثانية. | ||
| 264 | 1 |
_aالقاهرة : _bالدار المصرية اللبنانية، _c2010. |
|
| 300 |
_a182 صفحة ؛ _c20 سم |
||
| 336 |
_aنص _btxt _2rdacontent |
||
| 337 |
_aبدون وسيط _bn _2rdamedia |
||
| 338 |
_aمجلد _bnc _2rdacarrier |
||
| 650 | 7 |
_aالقصص العربية القصيرة _yقرن 21. _2BUEsh |
|
| 650 | 7 |
_aالقصص الاجتماعية _yقرن 21. _2BUEsh |
|
| 651 | _2BUEsh | ||
| 653 |
_bARALIT _bGGEN _cDecember2013 |
||
| 942 |
_2ddc _cBB |
||